[Event "Bullet Chess Championship"]
[Site "Chess.com INT"]
[Date "2023.07.17"]
[Round "6"]
[White "Tuan Minh Le"]
[Black "Erigaisi Arjun"]
[Result "0-1"]
[EventDate "?"]
[WhiteElo "2557"]
[BlackElo "2710"]
[PlyCount "168"]

1. b3 e6 2. Bb2 d5 3. Nf3 Nf6 4. e3 Bd6 5. Be2 Nbd7 6. d4 O-O 7. O-O b6 8. c4 Bb7 9. Nc3 c5 10. Rc1 Rc8 11. cxd5 exd5 12. Qc2 a6 13. Rfd1 Qe7 14. dxc5 bxc5 15. h3 Rfe8 16. Bd3 g6 17. Bf1 h5 18. Qe2 Ne5 19. Nxe5 Bxe5 20. Na4 Ne4 21. Bxe5 Qxe5 22. Qb2 Qg5 23. Re1 Rc6 24. f3 Ng3 25. Qf2 Rec8 26. f4 Qh4 27. Nc3 Re6 28. Na4 Rec6 29. Nc3 Rf6 30. Na4 c4 31. bxc4 d4 32. Rcd1 dxe3 33. Rxe3 Nf5 34. Qxh4 Nxh4 35. g3 Nf5 36. Re5 Nxg3 37. Bg2 Bxg2 38. Kxg2 h4 39. c5 Rxf4 40. Nb6 Rc6 41. Nd7 Nf5 42. Rde1 Kg7 43. R5e4 Rxe4 44. Rxe4 Rc7 45. Nb8 Rxc5 46. Ra4 Rc2+ 47. Kf3 Rc3+ 48. Kg2 Rg3+ 49. Kh2 Ne3 50. Rf4 Nd5 51. Rf2 Ra3 52. Nd7 Nc3 53. Kh1 Rxa2 54. Rf4 Ra1+ 55. Kh2 Ra2+ 56. Kh1 Nd5 57. Rxh4 Ne3 58. Re4 Ra1+ 59. Kh2 Nf1+ 60. Kg2 Nd2 61. Re7 Ra2 62. Kg3 Nc4 63. Ne5 Nxe5 64. Rxe5 Ra3+ 65. Kg4 Ra4+ 66. Kg3 Rb4 67. Re7 Rb5 68. Ra7 Rf5 69. Kg2 Rf6 70. h4 Rf4 71. Kg3 Rf5 72. Kg4 Rh5 73. Kg3 Rh6 74. Kg4 g5 75. Rxa6 gxh4 76. Ra5 Rg6+ 77. Rg5 Rxg5+ 78. Kxh4 Rg6 79. Kh3 f5 80. Kh4 f4 81. Kh5 f3 82. Kh4 f2 83. Kh5 f1=Q 84. Kh4 Qh1# 0-1

[Event "Bullet Chess Championship"]
[Site "Chess.com INT"]
[Date "2023.07.17"]
[Round "6"]
[White "Erigaisi Arjun"]
[Black "Tuan Minh Le"]
[Result "1-0"]
[EventDate "?"]
[WhiteElo "2710"]
[BlackElo "2557"]
[PlyCount "188"]

1. Nf3 d5 2. g3 c6 3. Bg2 g6 4. O-O Bg7 5. d4 Nf6 6. h3 O-O 7. Nbd2 Nbd7 8. Re1 Nb6 9. b3 Bf5 10. a4 Ne4 11. Bb2 Nd7 12. Nh4 Nxd2 13. Qxd2 Be6 14. Qd3 f5 15. Nf3 h6 16. Qd2 Bf7 17. a5 a6 18. Rac1 Re8 19. c4 Nf6 20. Ne5 Ne4 21. Qb4 Rb8 22. Nxf7 Kxf7 23. g4 e6 24. f3 Bf8 25. c5 Ng5 26. Qd2 Nh7 27. e4 fxe4 28. fxe4 Kg7 29. Rf1 Be7 30. Rc3 Bg5 31. Qe1 Bh4 32. Qe2 Ng5 33. e5 Rf8 34. Rcc1 Qxa5 35. Bc3 Qc7 36. Bd2 Qe7 37. b4 Rxf1+ 38. Rxf1 Rf8 39. Bf4 Nh7 40. Bd2 Bg5 41. Be1 Bf4 42. h4 g5 43. h5 Rf7 44. Qd3 Nf8 45. Rf3 Qd8 46. Bf1 Qe7 47. Kg2 Qe8 48. Qd1 Qe7 49. Bd3 Qe8 50. Bb1 Kg8 51. Qd3 Qe7 52. Bc2 Qe8 53. Bc3 Bc1 54. Be1 Rxf3 55. Qxf3 Qf7 56. Qe2 Qf4 57. Bf2 Qd2 58. Qd3 Qxd3 59. Bxd3 Bd2 60. b5 axb5 61. Kf3 Bc3 62. Ke2 b4 63. Kd1 Kf7 64. Kc2 Ke7 65. Kb3 Nd7 66. Ka4 Nb8 67. Ka5 b3+ 68. Ka4 b2 69. Kb3 Bd2 70. Kxb2 Na6 71. Kc2 Ba5 72. Bxa6 bxa6 73. Kb3 Bc7 74. Be3 a5 75. Ka4 Kd7 76. Bd2 Ke7 77. Bxa5 Bxa5 78. Kxa5 Kd8 79. Kb6 Kd7 80. Kb7 Kd8 81. Kxc6 Ke7 82. Kc7 Ke8 83. Kd6 Kf7 84. c6 Kf8 85. c7 Kf7 86. c8=Q Kg7 87. Qxe6 Kh7 88. Qf7+ Kh8 89. Qf6+ Kh7 90. e6 Kg8 91. e7 Kh7 92. Ke6 Kg8 93. e8=Q+ Kh7 94. Qeg6# 1-0

[Event "Bullet Chess Championship"]
[Site "Chess.com INT"]
[Date "2023.07.17"]
[Round "6"]
[White "Tuan Minh Le"]
[Black "Erigaisi Arjun"]
[Result "1-0"]
[EventDate "?"]
[WhiteElo "2557"]
[BlackElo "2710"]
[PlyCount "62"]

1. d4 e6 2. Nf3 c5 3. c3 Nf6 4. Bf4 Qb6 5. Qc2 cxd4 6. cxd4 Nc6 7. e3 Nd5 8. Bg3 Ndb4 9. Qd2 Be7 10. a3 Nd5 11. e4 Nf6 12. Nc3 Na5 13. Rd1 d5 14. e5 Ne4 15. Qc2 Bd7 16. Bd3 Rc8 17. Bxe4 dxe4 18. Qxe4 Qxb2 19. Ne2 Bb5 20. Nd2 Bc6 21. Qg4 O-O 22. Bf4 Rfd8 23. O-O Ba4 24. Bh6 Bf8 25. Ng3 Bxd1 26. Rxd1 Rxd4 27. Nge4 Rc1 28. Be3 Rd8 29. h4 Rxd1+ 30. Qxd1 Qc2 31. Qxc2 1-0

[Event "Bullet Chess Championship"]
[Site "Chess.com INT"]
[Date "2023.07.17"]
[Round "6"]
[White "Erigaisi Arjun"]
[Black "Tuan Minh Le"]
[Result "0-1"]
[EventDate "?"]
[WhiteElo "2710"]
[BlackElo "2557"]
[PlyCount "72"]

1. Nf3 Nf6 2. c4 c6 3. Nc3 d5 4. e3 a6 5. d4 Bf5 6. Bd3 Bg6 7. O-O e6 8. Qe2 Bd6 9. e4 dxe4 10. Nxe4 Nxe4 11. Bxe4 Nd7 12. b3 O-O 13. Bb2 Re8 14. Rad1 a5 15. Rfe1 a4 16. Bc3 Qc7 17. Qc2 Bf8 18. b4 Nb6 19. c5 Nd5 20. Bd2 a3 21. Bxg6 hxg6 22. g3 Be7 23. Kg2 Bf6 24. Qe4 Red8 25. h4 Ne7 26. Bc3 Qd7 27. Rd3 Qd5 28. Qe2 Qc4 29. Rc1 Nf5 30. Qd2 Qd5 31. Kg1 Rd7 32. Qc2 Rad8 33. Rcd1 Qe4 34. Re1 Qd5 35. Ne5 Bxe5 36. Rxe5 Qxe5 0-1

[Event "Bullet Chess Championship"]
[Site "Chess.com INT"]
[Date "2023.07.17"]
[Round "6"]
[White "Tuan Minh Le"]
[Black "Erigaisi Arjun"]
[Result "1-0"]
[EventDate "?"]
[WhiteElo "2557"]
[BlackElo "2710"]
[PlyCount "166"]

1. b3 e6 2. Bb2 c5 3. Nf3 Nf6 4. e3 d5 5. Be2 Bd6 6. O-O O-O 7. d4 Nbd7 8. Nbd2 b6 9. c4 Bb7 10. Rc1 Rc8 11. dxc5 bxc5 12. Qc2 Qe7 13. Rfd1 h6 14. h3 Ne4 15. Nxe4 dxe4 16. Nd2 f5 17. Nf1 Bb8 18. Qc3 Ne5 19. Rd2 Qg5 20. Rcd1 Rf6 21. Ng3 Rf7 22. Bh5 Rff8 23. Qa5 f4 24. exf4 Qxf4 25. Qc3 Qg5 26. Bg4 Nxg4 27. hxg4 e3 28. Rd7 Be5 29. Qd3 exf2+ 30. Kf1 Bxb2 31. Rxb7 Bd4 32. Nh5 Qxg4 33. Qe2 Qxe2+ 34. Kxe2 Rf5 35. Ng3 Rg5 36. Nf1 Rf8 37. Kd3 Rxg2 38. b4 Rf3+ 39. Kc2 Rc3+ 40. Kd2 Rxc4 41. Ke2 Rxb4 42. Rxb4 cxb4 43. Rxd4 Rg5 44. Rd8+ Kh7 45. Rb8 Ra5 46. Kxf2 Rxa2+ 47. Kf3 a5 48. Ne3 Ra3 49. Rb7 Rc3 50. Ke4 Rc5 51. Ng4 Rg5 52. Nf6+ Kg6 53. Nd7 Rf5 54. Ne5+ Kh5 55. Nf3 Rg5 56. Nd4 Rg4+ 57. Ke5 Rg5+ 58. Kd6 Rg6 59. Nxe6 b3 60. Ke5 Rf6 61. Nf4+ Kg5 62. Nd5 Rf5+ 63. Ke4 g6 64. Rxb3 Rf4+ 65. Nxf4 Kg4 66. Rb5 h5 67. Ne6 g5 68. Rb1 Kh3 69. Rg1 h4 70. Nxg5+ Kh2 71. Nf3+ Kh3 72. Rg5 a4 73. Rh5 a3 74. Rxh4+ Kg2 75. Rh5 Kf1 76. Ra5 Ke2 77. Rxa3 Kd1 78. Ra2 Kc1 79. Rd2 Kb1 80. Kd3 Ka1 81. Kc3 Kb1 82. Kb3 Ka1 83. Rd1# 1-0

[Event "Bullet Chess Championship"]
[Site "Chess.com INT"]
[Date "2023.07.17"]
[Round "6"]
[White "Erigaisi Arjun"]
[Black "Tuan Minh Le"]
[Result "0-1"]
[EventDate "?"]
[WhiteElo "2710"]
[BlackElo "2557"]
[PlyCount "84"]

1. e4 e6 2. Nc3 d5 3. d4 dxe4 4. Nxe4 Bd7 5. Nf3 Bc6 6. Bd3 Nd7 7. O-O Ngf6 8. Nxf6+ Nxf6 9. c3 Bxf3 10. Qxf3 c6 11. Re1 Bd6 12. g3 h6 13. Kg2 O-O 14. h4 Re8 15. Be3 e5 16. Rad1 e4 17. Bxe4 Nxe4 18. Bc1 Nf6 19. c4 Rxe1 20. Rxe1 Bf8 21. Rd1 Qd6 22. b3 Re8 23. Bf4 Qd7 24. Be5 Ng4 25. Bf4 h5 26. d5 cxd5 27. Rxd5 Qc6 28. Rxh5 Nf6 29. Rb5 Re7 30. Qxc6 bxc6 31. Rb8 Rd7 32. Be3 Re7 33. Bc5 Re8 34. Bxa7 Bd6 35. Rb7 Re2 36. a4 c5 37. Kf3 Rb2 38. a5 g6 39. a6 Ra2 40. Rb6 Be5 41. Rc6 Bd4 42. Bxc5 Rxf2# 0-1

[Event "Bullet Chess Championship"]
[Site "Chess.com INT"]
[Date "2023.07.17"]
[Round "6"]
[White "Tuan Minh Le"]
[Black "Erigaisi Arjun"]
[Result "0-1"]
[EventDate "?"]
[WhiteElo "2557"]
[BlackElo "2710"]
[PlyCount "114"]

1. d4 e6 2. Nf3 c5 3. e3 Nf6 4. Bd3 d5 5. O-O Nbd7 6. c3 Be7 7. Nbd2 O-O 8. Qe2 Qc7 9. e4 dxe4 10. Nxe4 Nxe4 11. Qxe4 Nf6 12. Qh4 c4 13. Bc2 g6 14. Bg5 Nd5 15. Rfe1 b6 16. Be4 f6 17. Bxd5 fxg5 18. Qe4 exd5 19. Qxd5+ Kg7 20. Qxa8 Bb7 21. Qxa7 Bd6 22. Qa4 Rxf3 23. gxf3 Bxh2+ 24. Kf1 Bxf3 25. Qe8 Qf4 26. Qe5+ Kh6 27. Qxf4 Bxf4 28. a4 Kh5 29. a5 bxa5 30. Rxa5 Kg4 31. Re7 h5 32. Rg7 Be4 33. d5 h4 34. Rh7 Kf3 35. Rf7 h3 36. Rh7 g4 37. d6 Bxd6 38. Rf7+ Bf4 39. Rh7 g5 40. Rh6 Bd3+ 41. Ke1 Kg2 42. Ra8 h2 43. Rah8 g3 44. fxg3 Bxg3+ 45. Kd2 g4 46. Ke3 Be5 47. Rxh2+ Bxh2 48. Rg8 Bg1+ 49. Kf4 Be2 50. Rxg4+ Bxg4 51. Kxg4 Kf2 52. Kf4 Ke2 53. Ke4 Kd2 54. Kd5 Kd3 55. Kc6 Be3 56. Kb5 Bc1 57. b4 cxb3 0-1

[Event "Bullet Chess Championship"]
[Site "Chess.com INT"]
[Date "2023.07.17"]
[Round "6"]
[White "Erigaisi Arjun"]
[Black "Tuan Minh Le"]
[Result "0-1"]
[EventDate "?"]
[WhiteElo "2710"]
[BlackElo "2557"]
[PlyCount "136"]

1. Nf3 Nf6 2. g3 g6 3. Bg2 Bg7 4. O-O O-O 5. e4 Nxe4 6. Re1 Nf6 7. d4 d5 8. Nc3 c6 9. Bf4 Nbd7 10. Ne5 Re8 11. Qe2 Nf8 12. Rad1 Bf5 13. Be3 Qc8 14. h3 Bxh3 15. Qf1 Bxg2 16. Qxg2 N8d7 17. f3 Nb6 18. b3 Nfd7 19. f4 f6 20. Nd3 Nf8 21. a4 Nbd7 22. g4 e5 23. Qg3 e4 24. Nf2 f5 25. Kg2 Nf6 26. g5 Nh5 27. Qh2 Ne6 28. Rh1 Qc7 29. Ne2 c5 30. c3 cxd4 31. Bxd4 Bxd4 32. cxd4 Qc2 33. Rhe1 e3 34. Nd3 Rac8 35. Kf1 Qxb3 36. Qh3 Rc2 37. Qxe3 Nc7 38. Qf3 Qxa4 39. Nc5 Qc4 40. Rd3 Nb5 41. Nd7 Re4 42. Ne5 Qb4 43. Rdd1 Nc3 44. Nd3 Qc4 45. Nxc3 Rxc3 46. Kg1 Rxd3 47. Qxd3 Rxe1+ 48. Kf2 Qxd3 49. Rxd3 Re4 50. Rb3 Nxf4 51. Rxb7 Ne6 52. Rxa7 Nxd4 53. Ra8+ Kf7 54. Ra4 Re7 55. Rxd4 Ke6 56. Rd2 Ke5 57. Kf3 Kd6 58. Rh2 Re4 59. Rxh7 Rg4 60. Rh5 gxh5 61. g6 Rxg6 62. Kf4 Rg4+ 63. Kxf5 d4 64. Kf6 d3 65. Kf7 d2 66. Ke8 d1=Q 67. Kd8 Qf3 68. Kc8 Qa8# 0-1

[Event "Bullet Chess Championship"]
[Site "Chess.com INT"]
[Date "2023.07.17"]
[Round "6"]
[White "Tuan Minh Le"]
[Black "Erigaisi Arjun"]
[Result "1-0"]
[EventDate "?"]
[WhiteElo "2557"]
[BlackElo "2710"]
[PlyCount "134"]

1. g3 e6 2. Bg2 Nf6 3. Nf3 d5 4. O-O Be7 5. d3 O-O 6. Nbd2 b6 7. c3 Bb7 8. Qc2 c5 9. Re1 Nbd7 10. e4 Rc8 11. e5 Ne8 12. Nf1 b5 13. Bf4 a5 14. h4 h6 15. Qd2 Kh7 16. N1h2 Rh8 17. h5 Bf8 18. d4 c4 19. Ng4 Kg8 20. a3 Nc7 21. Ne3 Na6 22. g4 Be7 23. Nf1 b4 24. axb4 axb4 25. Ng3 Qb6 26. Bf1 Nc7 27. g5 hxg5 28. Bxg5 Bf8 29. Be2 Nb5 30. Kg2 f6 31. exf6 gxf6 32. Be3 Kf7 33. Rh1 Bd6 34. h6 Rcg8 35. Kf1 Qc7 36. Nh5 Ke7 37. Ng7 Nf8 38. Rg1 Nh7 39. Nh4 Nf8 40. Bh5 Kd8 41. Qe2 Kc8 42. Qf3 f5 43. Ng6 Nxg6 44. Rxg6 bxc3 45. bxc3 Nxc3 46. Nxe6 Qe7 47. Ng7 Ne4 48. Nxf5 Qc7 49. Nxd6+ Nxd6 50. Bf4 Rxg6 51. Bxg6 c3 52. Qg3 Qc4+ 53. Kg1 Ne4 54. Bf5+ Kd8 55. Qh4+ Ke8 56. Qh5+ Ke7 57. Qg6 Qxd4 58. Bxe4 dxe4 59. Bg5+ Kd7 60. Qf7+ Kc6 61. Qe6+ Kc5 62. Be3 Bd5 63. Ra5+ Kb4 64. Qd6+ Kxa5 65. Bxd4 c2 66. Bc3+ Ka4 67. Qb4# 1-0

[Event "Bullet Chess Championship"]
[Site "Chess.com INT"]
[Date "2023.07.17"]
[Round "6"]
[White "Erigaisi Arjun"]
[Black "Tuan Minh Le"]
[Result "1-0"]
[EventDate "?"]
[WhiteElo "2710"]
[BlackElo "2557"]
[PlyCount "52"]

1. e4 g6 2. Nc3 Bg7 3. Nf3 c5 4. d4 cxd4 5. Nxd4 Nc6 6. Be3 d6 7. Qd2 Nf6 8. O-O-O O-O 9. f3 Qa5 10. Kb1 Be6 11. Nb3 Qc7 12. h4 a5 13. h5 a4 14. Nd4 a3 15. hxg6 Nxd4 16. gxh7+ Kh8 17. Bxd4 axb2 18. g4 Qa5 19. a4 Rfc8 20. g5 Ne8 21. Bb5 Rxc3 22. Bxe8 Ba2+ 23. Kxa2 Bxd4 24. Qxd4+ e5 25. Qxd6 Rxe8 26. Qf6# 1-0

[Event "Bullet Chess Championship"]
[Site "Chess.com INT"]
[Date "2023.07.17"]
[Round "6"]
[White "Tuan Minh Le"]
[Black "Erigaisi Arjun"]
[Result "0-1"]
[EventDate "?"]
[WhiteElo "2557"]
[BlackElo "2710"]
[PlyCount "48"]

1. e4 e6 2. Nc3 d5 3. Nf3 Nf6 4. e5 Ne4 5. d3 Nxc3 6. bxc3 c5 7. d4 Nc6 8. Bd3 Qa5 9. O-O c4 10. Be2 Qxc3 11. Bd2 Qa3 12. c3 Bd7 13. Qc2 O-O-O 14. Rfb1 h6 15. Bc1 Qa5 16. a4 a6 17. Nd2 Be7 18. Bxc4 dxc4 19. Nxc4 Qc7 20. d5 Nxe5 21. Nb6+ Kb8 22. Bf4 Nf3+ 23. gxf3 Qxf4 24. Qe2 Bd6 0-1

[Event "Global Chess League"]
[Site "Dubai UAE"]
[Date "2023.07.01"]
[Round "10.3"]
[White "Arjun Erigaisi"]
[Black "Santosh Gujrathi Vidit"]
[Result "0-1"]
[EventDate "2023.06.22"]
[WhiteElo "2702"]
[BlackElo "2712"]
[PlyCount "114"]

1. Nf3 d5 2. e3 Nf6 3. c4 e6 4. b3 Bd6 5. Bb2 O-O 6. Nc3 Re8 7. Nb5 Be7 8. Be5 Na6 9. cxd5 exd5 10. Be2 c6 11. Nbd4 Nc5 12. h3 a5 13. Qc2 Bd6 14. Bxd6 Qxd6 15. O-O Ne6 16. Nf5 Qd8 17. Rfc1 Nf4 18. Bf1 Bxf5 19. Qxf5 Ne6 20. Qc2 Ne4 21. Qb2 N6g5 22. Nxg5 Qxg5 23. d3 Nd6 24. a4 Qh4 25. Qd2 Qh6 26. Ra2 Qe6 27. Rb2 Qe7 28. Rbc2 Qc7 29. Rc5 Qb6 30. Qc3 Nc4 31. d4 Nd6 32. Bd3 Ne4 33. Bxe4 Rxe4 34. Rb1 Qb4 35. Qxb4 axb4 36. Kf1 f5 37. g3 g5 38. Ke2 Kf7 39. Kd3 f4 40. a5 fxe3 41. fxe3 h5 42. Rf1+ Kg6 43. Kd2 Re6 44. Re1 Rf8 45. Ke2 g4 46. hxg4 hxg4 47. a6 bxa6 48. Ra5 Rf3 49. Kd3 Rxg3 50. Rxa6 Rf3 51. Ra8 g3 52. Rg8+ Kf5 53. Kd2 Rg6 54. Rf8+ Kg4 55. Rh8 Rf2+ 56. Kd3 g2 57. Rg1 Kg3 0-1

[Event "Global Chess League"]
[Site "Dubai UAE"]
[Date "2023.06.29"]
[Round "8"]
[White "Erigaisi Arjun"]
[Black "Yi Wei"]
[Result "0-1"]
[EventDate "?"]
[WhiteElo "2714"]
[BlackElo "2716"]
[PlyCount "138"]

1. e4 e5 2. Nf3 Nc6 3. Bb5 Nf6 4. d3 Bc5 5. O-O Nd4 6. Nxd4 Bxd4 7. c3 Bb6 8. Ba4 c6 9. Bc2 d5 10. exd5 Qxd5 11. Bb3 Qd6 12. Na3 Be6 13. Bg5 Bxb3 14. axb3 O-O 15. Nc4 Qe6 16. Qe2 Rfe8 17. Bxf6 Qxf6 18. Rfe1 Qd8 19. b4 f6 20. Qe4 Qd7 21. g3 Rad8 22. Rad1 g6 23. Nxb6 axb6 24. h4 Kg7 25. Qe3 b5 26. Qb6 Re7 27. Qc5 Re6 28. Rd2 Rd6 29. Qb6 h5 30. Kg2 Qf7 31. Qe3 R8d7 32. f3 Qb3 33. Qe2 Qe6 34. Ra1 Qg8 35. Qe3 Qd8 36. Rad1 b6 37. Kh2 Rd5 38. Kg2 c5 39. bxc5 bxc5 40. b3 b4 41. cxb4 cxb4 42. f4 Re7 43. Re1 Rdd7 44. Qf3 exf4 45. Rxe7+ Rxe7 46. gxf4 Qd4 47. Re2 Rd7 48. f5 Qxh4 49. fxg6 Rd4 50. Re4 Rxe4 51. dxe4 Qg5+ 52. Kh1 Kxg6 53. Qd3 Qh4+ 54. Kg2 Qg4+ 55. Kh2 Qf4+ 56. Kh1 Qc1+ 57. Kg2 Qb2+ 58. Kh1 Qc3 59. Qd5 Qc1+ 60. Kh2 Qf4+ 61. Kh3 Qg4+ 62. Kh2 Qh4+ 63. Kg2 Qg5+ 64. Kh3 Qxd5 65. exd5 Kf5 66. Kh4 Ke5 67. Kxh5 Kxd5 68. Kg4 Kd4 69. Kf5 Kc3 0-1

[Event "Global Chess League 2023"]
[Site "Dubai UAE"]
[Date "2023.06.28"]
[Round "7.3"]
[White "Dominguez Perez, Leinier"]
[Black "Arjun Erigaisi"]
[Result "1/2-1/2"]
[EventDate "2023.06.22"]
[WhiteElo "2739"]
[BlackElo "2702"]
[PlyCount "72"]

1. e4 e6 2. d4 d5 3. Nc3 Nf6 4. e5 Nfd7 5. f4 c5 6. Nf3 Nc6 7. Be3 cxd4 8. Nxd4 Qb6 9. Qd2 Qxb2 10. Rb1 Qa3 11. Bb5 Nxd4 12. Bxd4 a6 13. Bxd7+ Bxd7 14. Rb3 Qe7 15. Rxb7 Rc8 16. O-O Qd8 17. f5 exf5 18. Kh1 Bc5 19. Bxc5 Rxc5 20. Nxd5 Be6 21. Re7+ Kf8 22. Qb4 Bxd5 23. Qxc5 Bxg2+ 24. Kxg2 Qxe7 25. Qc8+ Qe8 26. Qc7 g6 27. Qd6+ Kg8 28. Rb1 Qa4 29. Rb8+ Kg7 30. Rxh8 Qxc2+ 31. Kg3 Qc3+ 32. Kf2 Qc2+ 33. Ke3 Qc3+ 34. Ke2 Qc2+ 35. Ke3 Qc3+ 36. Ke2 1/2-1/2

[Event "Global Chess League"]
[Site "Dubai UAE"]
[Date "2023.06.26"]
[Round "6.3"]
[White "Teimour Radjabov"]
[Black "Arjun Erigaisi"]
[Result "1/2-1/2"]
[EventDate "2023.06.22"]
[WhiteElo "2747"]
[BlackElo "2702"]
[PlyCount "74"]

1. d4 d5 2. c4 e6 3. Nc3 c6 4. e3 Nd7 5. Nf3 f5 6. Qc2 Bd6 7. c5 Bc7 8. b4 a6 9. Bb2 Ngf6 10. Bd3 Ne4 11. Ne2 Qf6 12. h4 O-O 13. g3 Qh6 14. Nf4 Ndf6 15. Ne5 a5 16. a3 axb4 17. axb4 Rxa1+ 18. Bxa1 g5 19. Nh3 Bxe5 20. dxe5 Ng4 21. Bd4 gxh4 22. Bxe4 fxe4 23. Nf4 Qg5 24. gxh4 Qf5 25. Qb2 Kf7 26. Qa1 Rg8 27. Ke2 Nh6 28. Rg1 Rxg1 29. Qxg1 Bd7 30. Bc3 Ng4 31. Qa1 Nh2 32. Qg1 Nf3 33. Qg3 Nxe5 34. Nxd5 Qh5+ 35. Kf1 exd5 36. Bxe5 Qg4 37. Qxg4 1/2-1/2

[Event "Global Chess League"]
[Site "Dubai UAE"]
[Date "2023.06.25"]
[Round "5.3"]
[White "Santosh Gujrathi Vidit"]
[Black "Arjun Erigaisi"]
[Result "1/2-1/2"]
[EventDate "2023.06.22"]
[WhiteElo "2712"]
[BlackElo "2702"]
[PlyCount "108"]

1. d4 d5 2. c4 e6 3. Nf3 Nf6 4. Nc3 Nbd7 5. Bg5 Bb4 6. e3 c5 7. cxd5 exd5 8. Bd3 Qa5 9. Qc2 c4 10. Bf5 O-O 11. O-O Re8 12. Nd2 Qa6 13. a3 Bxc3 14. bxc3 h6 15. Bh4 Nf8 16. Bxc8 Raxc8 17. Bxf6 Qxf6 18. Rab1 Qc6 19. a4 Nd7 20. Rb5 a6 21. Rb4 b6 22. Rfb1 Qe6 23. Nf3 Rc6 24. h3 g6 25. Ne5 Nxe5 26. dxe5 Kg7 27. Qd2 Qxe5 28. Rxb6 Ree6 29. Rb8 Qe4 30. R1b7 Re5 31. Rd7 Rg5 32. Qd4+ Qxd4 33. exd4 Rf5 34. f3 h5 35. a5 h4 36. Rbd8 Re6 37. Kf2 Rff6 38. Rxd5 Re7 39. R5d7 Rxd7 40. Rxd7 Rf5 41. d5 Kf6 42. Ke3 Rg5 43. Kf2 Rf5 44. g4 hxg3+ 45. Kxg3 g5 46. Kf2 Re5 47. Rd6+ Ke7 48. Rxa6 Rxd5 49. Ra7+ Kf6 50. a6 Rd3 51. Rc7 Rxc3 52. a7 Ra3 53. Kg3 c3 54. Rxc3 1/2-1/2

[Event "Global Chess League"]
[Site "Dubai UAE"]
[Date "2023.06.24"]
[Round "3.3"]
[White "Yi Wei"]
[Black "Arjun Erigaisi"]
[Result "1/2-1/2"]
[EventDate "2023.06.22"]
[WhiteElo "2722"]
[BlackElo "2702"]
[PlyCount "76"]

1. d4 d5 2. c4 e6 3. Nc3 c6 4. e4 dxe4 5. Nxe4 Bb4+ 6. Bd2 Qxd4 7. Bxb4 Qxe4+ 8. Be2 Na6 9. Ba5 b6 10. Qd6 e5 11. Bc3 Ne7 12. Qxe5 Qxe5 13. Bxe5 f6 14. Bc3 Nc5 15. O-O-O Kf7 16. Nf3 Ne4 17. Be1 c5 18. Nd2 Nxd2 19. Bxd2 Bb7 20. f3 Rad8 21. Be3 Bc6 22. Rxd8 Rxd8 23. Rd1 Re8 24. Bd3 Ng6 25. Bxg6+ hxg6 26. Kd2 g5 27. h3 Rd8+ 28. Ke2 Rxd1 29. Kxd1 Ke6 30. b3 Be8 31. Kd2 Bg6 32. Bf2 Kd7 33. Bg3 Bb1 34. a3 Bf5 35. Bh2 Bg6 36. Bg3 Bf5 37. Bh2 Bg6 38. Bg3 1/2-1/2

[Event "Global Chess League"]
[Site "Dubai UAE"]
[Date "2023.06.24"]
[Round "4.3"]
[White "Daniil Dubov"]
[Black "Arjun Erigaisi"]
[Result "1/2-1/2"]
[EventDate "2023.06.22"]
[WhiteElo "2716"]
[BlackElo "2702"]
[PlyCount "62"]

1. d4 d5 2. c4 e6 3. Nf3 Nf6 4. g3 Bb4+ 5. Bd2 Be7 6. Bg2 Nbd7 7. O-O c6 8. Qc2 Ne4 9. a3 a5 10. Nc3 Nxd2 11. Nxd2 O-O 12. Rac1 Rb8 13. Qd3 dxc4 14. Nxc4 b5 15. Nd2 Qb6 16. Nce4 c5 17. dxc5 Nxc5 18. Nxc5 Bxc5 19. Nb3 Be7 20. Rc6 Qd8 21. Qxd8 Bxd8 22. Rfc1 Bf6 23. Nxa5 Bxb2 24. Rb1 Bxa3 25. Rc3 Be7 26. Nc6 Bf6 27. Nxb8 Bxc3 28. Rxb5 g6 29. Bb7 Kg7 30. Kg2 h5 31. h4 1/2-1/2

[Event "Global Chess League"]
[Site "Dubai UAE"]
[Date "2023.06.23"]
[Round "2.3"]
[White "Arjun Erigaisi"]
[Black "Dominguez Perez, Leinier"]
[Result "1/2-1/2"]
[EventDate "2023.06.22"]
[WhiteElo "2702"]
[BlackElo "2739"]
[PlyCount "110"]

1. e4 e5 2. Nf3 Nc6 3. Bc4 Bc5 4. c3 Nf6 5. d3 d6 6. O-O a5 7. Bg5 h6 8. Bh4 Ba7 9. Nbd2 g5 10. Bg3 O-O 11. Re1 Kh8 12. Nf1 Nh7 13. d4 g4 14. Nh4 exd4 15. cxd4 Bxd4 16. Ne3 Bxb2 17. Rb1 Bf6 18. Nhf5 h5 19. h3 h4 20. Bh2 gxh3 21. gxh3 Be6 22. Rxb7 Rb8 23. Rxb8 Qxb8 24. Nd5 Qb2 25. Rf1 Be5 26. Bxe5+ Qxe5 27. Qd3 Rg8+ 28. Kh1 Bxf5 29. exf5 Nf6 30. Nxf6 Qxf6 31. Qe4 Ne5 32. Bb3 Qg5 33. Bc2 Nd7 34. Bb3 Nf6 35. Qf3 Rg7 36. Re1 Kh7 37. a4 Kh6 38. Rd1 Kh7 39. Re1 Kh6 40. Rd1 Qh5 41. Qf4+ Kh7 42. Re1 d5 43. Rc1 Qg5 44. Qxg5 Rxg5 45. Rxc7 Rxf5 46. Rxf7+ Kg6 47. Ra7 Rxf2 48. Rxa5 Rb2 49. Bxd5 Nxd5 50. Rxd5 Rb3 51. Kg2 Rb2+ 52. Kg1 Rb3 53. Kg2 Rb2+ 54. Kf3 Rb3+ 55. Ke4 1/2-1/2

[Event "Global Chess League"]
[Site "Dubai UAE"]
[Date "2023.06.22"]
[Round "1.3"]
[White "Arjun Erigaisi"]
[Black "Teimour Radjabov"]
[Result "0-1"]
[EventDate "2023.06.22"]
[WhiteElo "2702"]
[BlackElo "2747"]
[PlyCount "64"]

1. e4 e5 2. Nf3 Nc6 3. Bc4 Bc5 4. c3 Nf6 5. d3 a6 6. O-O d6 7. Bg5 h6 8. Bh4 Qe7 9. Nbd2 Ba7 10. a4 g5 11. Bg3 Rg8 12. b4 h5 13. h4 Bg4 14. Qe1 gxh4 15. Bxh4 Qd7 16. Kh1 Rg6 17. Nh2 Bh3 18. Rg1 Be6 19. a5 Ng4 20. b5 Ne7 21. Bxe6 Rxe6 22. bxa6 bxa6 23. Rf1 Ng6 24. f3 Ne3 25. Bf2 Nxf1 26. Ndxf1 Bxf2 27. Qxf2 Nf4 28. d4 Rb8 29. Ne3 Qb5 30. Nf5 Rg6 31. Rg1 Qe2 32. Qh4 Qxg2+ 0-1

[Event "Dubai Open"]
[Site "Dubai UAE"]
[Date "2023.06.04"]
[Round "9.1"]
[White "Arjun Erigaisi"]
[Black "Chithambaram VR Aravindh"]
[Result "1/2-1/2"]
[EventDate "2023.05.27"]
[WhiteElo "2701"]
[BlackElo "2633"]
[PlyCount "60"]

1. c4 c5 2. Nc3 Nf6 3. Nf3 Nc6 4. e3 e6 5. d4 d5 6. cxd5 exd5 7. Bb5 cxd4 8. exd4 Be7 9. h3 O-O 10. O-O Ne4 11. Re1 Bf5 12. Bxc6 bxc6 13. Ne5 Bd6 14. Bf4 Nxc3 15. bxc3 Qc7 16. Qf3 Rfe8 17. Nd3 Bxd3 18. Bxd6 Qxd6 19. Qxd3 Qa3 20. Qc2 g6 21. Qb3 Qa6 22. Rac1 Kg7 23. g3 Rab8 24. Rxe8 Rxe8 25. c4 Re2 26. cxd5 cxd5 27. Qxd5 Qxa2 28. Qxa2 Rxa2 29. Rc7 Rd2 30. Rxa7 Rxd4 1/2-1/2

[Event "Dubai Open"]
[Site "Dubai UAE"]
[Date "2023.06.03"]
[Round "8.1"]
[White "Yangyi Yu"]
[Black "Arjun Erigaisi"]
[Result "0-1"]
[EventDate "2023.05.27"]
[WhiteElo "2729"]
[BlackElo "2701"]
[PlyCount "116"]

1. d4 d5 2. c4 e6 3. Nf3 Nf6 4. g3 dxc4 5. Qa4+ Nbd7 6. Qxc4 a6 7. Bg2 b5 8. Qb3 Bb7 9. a4 c5 10. axb5 c4 11. Qd1 axb5 12. Rxa8 Qxa8 13. O-O Qa1 14. Nfd2 Bxg2 15. Kxg2 Bb4 16. Qc2 O-O 17. Nc3 Qa6 18. Nf3 Qb7 19. Bg5 Ra8 20. Rb1 Bf8 21. b3 cxb3 22. Rxb3 b4 23. Bxf6 Nxf6 24. Nb1 Rc8 25. Qd3 g5 26. h3 h5 27. d5 g4 28. hxg4 hxg4 29. Ne5 Nxd5 30. e4 Nf6 31. Nd2 Rc1 32. Qe3 Rc5 33. Nd3 Rb5 34. Kg1 Qb6 35. Qe2 Qd4 36. e5 Nd7 37. Ne4 Nxe5 38. Nxe5 Qxe5 39. Qxg4+ Bg7 40. Qf3 Rb8 41. Kg2 f5 42. Ng5 Qd5 43. Kf1 Qxf3 44. Nxf3 Bc3 45. Ng5 e5 46. g4 fxg4 47. Ne4 Bd4 48. Ke2 Kf7 49. Kd3 Ke6 50. Kc4 Rc8+ 51. Kd3 Bc3 52. Rb1 Rd8+ 53. Ke3 Bd4+ 54. Ke2 Rb8 55. Rb3 Kd5 56. Nd2 Rf8 57. f3 g3 58. Kf1 Bc3 0-1

[Event "Dubai Open"]
[Site "Dubai UAE"]
[Date "2023.06.02"]
[Round "7.3"]
[White "Arjun Erigaisi"]
[Black "M Amin Tabatabaei"]
[Result "1/2-1/2"]
[EventDate "2023.05.27"]
[WhiteElo "2701"]
[BlackElo "2677"]
[PlyCount "48"]

1. d4 Nf6 2. Bg5 e6 3. e3 c5 4. Nd2 Nc6 5. c3 b6 6. Ne4 cxd4 7. exd4 Be7 8. Bxf6 Bxf6 9. Nd6+ Kf8 10. Nf3 Qe7 11. Nxc8 Rxc8 12. Ba6 Rc7 13. O-O d5 14. Bb5 g6 15. Bxc6 Rxc6 16. a4 Kg7 17. Ne1 e5 18. dxe5 Qxe5 19. Nc2 Rd8 20. a5 Qc7 21. Qd3 Qd7 22. Qd1 Qc7 23. Qd3 Qd7 24. Qd1 Qc7 1/2-1/2

[Event "Dubai Open"]
[Site "Dubai UAE"]
[Date "2023.06.01"]
[Round "6.4"]
[White "Nikolas Theodorou"]
[Black "Arjun Erigaisi"]
[Result "0-1"]
[EventDate "2023.05.27"]
[WhiteElo "2591"]
[BlackElo "2701"]
[PlyCount "56"]

1. Nf3 Nf6 2. b3 c5 3. Bb2 Nc6 4. g3 d5 5. Bg2 Qc7 6. O-O e5 7. d3 h6 8. Nc3 Be6 9. e3 a6 10. Nd2 O-O-O 11. Na4 h5 12. c4 d4 13. exd4 exd4 14. b4 cxb4 15. a3 h4 16. axb4 Bxb4 17. Ba3 hxg3 18. hxg3 Bxa3 19. Rxa3 Bh3 20. Nf3 Bxg2 21. Kxg2 Ng4 22. Rb3 Nce5 23. Nb6+ Kb8 24. Nd5 Rxd5 25. cxd5 Qd7 26. Qe2 Nxf3 27. Qxf3 Ne5 28. Rg1 Qh3# 0-1